| Поле | Название | Значение |
| |
Тип записи |
a |
| |
Библиографический уровень |
m |
| 001 |
Контрольный номер |
cecc92fbb65f423f9a228b045d9f152f |
| 005 |
Дата корректировки |
20141112104419.0 |
| 010 |
Индекс ISBN |
__ |
| a |
ISBN |
978-5-9558-0074-5 |
| d |
Цена |
249-86 |
| 101 |
Язык документа |
0_ |
| a |
Язык текста |
rus |
| 102 |
Страна публикации |
__ |
| a |
Страна публикации |
RU |
| 200 |
Заглавие и сведения об ответственности |
1_ |
| a |
Заглавие |
Инновационный менеджмент |
| b |
Общее обозначение материала |
Текст |
| e |
Сведения, относящиеся к заглавию |
2-е изд. перераб. и доп. |
| f |
Первые сведения об ответственности |
В.Я. Горфинкель, Т.Г. Попадюк |
| 210 |
Выходные данные |
1_ |
| c |
Издательство |
Вузовский учебник |
| d |
Дата издания |
2009 |
| 215 |
Физическое описание |
__ |
| a |
Объем |
464 с. |
| 610 |
Ключевые слова |
0_ |
| a |
Ключевые слова |
инновационный менеджмент |
| a |
Ключевые слова |
инновационный проект |
| a |
Ключевые слова |
управление персоналом |
| 686 |
Индексы других классификаций |
__ |
| a |
Классификационный индекс |
65.291.551-21 |
| 2 |
Код системы |
rubbk |
| 701 |
Альтернативная интеллектуальная ответственность |
_1 |
| a |
Фамилия |
Горфинкель |
| b |
Имя |
В.Я. |
| e |
Роль лиц |
Редактор |
| 4 |
Код отношения |
070 |
| 701 |
Альтернативная интеллектуальная ответственность |
_1 |
| a |
Фамилия |
Чернышёва |
| b |
Имя |
Б.Н. |
| e |
Роль лиц |
Редактор |
| 4 |
Код отношения |
340 |
| 801 |
Источник записи |
_0 |
| a |
Страна |
RU |
| b |
Организация |
РУК |
| g |
Правила каталогизации |
PSBO |
| 801 |
Источник записи |
_1 |
| a |
Страна |
RU |
| b |
Организация |
РУК |
| g |
Правила каталогизации |
PSBO |
| 852 |
Данные о местонахождении |
__ |
| i |
Авторский знак |
И 66 |
| j |
Шифр хранения |
65.291.551-21 |
| 901 |
Тип документа |
__ |
| t |
Тип документа |
m |
| 937 |
Технологическая информация |
__ |
| a |
Создатель записи (имя) |
Попова |
| 938 |
Служебная информация |
__ |
| a |
Название организации |
Мурманский филиал |
| 952 |
Тип литературы |
__ |
| c |
Вид литературы |
учебник |